MARC details
| 000 -LEADER |
| fixed length control field |
01528nam a2200301 4500 |
| 008 - FIXED-LENGTH DATA ELEMENTS--GENERAL INFORMATION |
| fixed length control field |
s2004 fr fre u |
| 020 ## - INTERNATIONAL STANDARD BOOK NUMBER |
| International Standard Book Number |
2011161924 |
| 020 ## - INTERNATIONAL STANDARD BOOK NUMBER |
| International Standard Book Number |
9782011161925 |
| 040 ## - CATALOGING SOURCE |
| Original cataloging agency |
LB-BrCRDP |
| 082 1# - DEWEY DECIMAL CLASSIFICATION NUMBER |
| Classification number |
CE1 |
| Item number |
FRA |
| 100 1# - MAIN ENTRY--PERSONAL NAME |
| Personal name |
Buhler, Viviane |
| 245 14 - TITLE STATEMENT |
| Title |
Les couleurs du français - CE1 |
| Remainder of title |
Maîtrise de la langue. Cycle2 - Niveau 3 |
| Statement of responsibility, etc. |
Viviane Buhler , Line Bouvier |
| 250 ## - EDITION STATEMENT |
| Edition statement |
7e éd. |
| 260 ## - PUBLICATION, DISTRIBUTION, ETC. |
| Place of publication, distribution, etc. |
Paris |
| Name of publisher, distributor, etc. |
Hachette |
| Date of publication, distribution, etc. |
2004 |
| 300 ## - PHYSICAL DESCRIPTION |
| Extent |
191 p. |
| Other physical details |
couv. couleur, ill. coul. |
| Dimensions |
29 cm |
| 500 ## - GENERAL NOTE |
| General note |
Sommaire. |
| 520 ## - SUMMARY, ETC. |
| Summary, etc. |
Des objectifs précis : • Continuer l'apprentissage de la lecture. • Mettre en place le bagage lexical indispensable à la lecture et à l'écriture. • Introduire de manière implicite les notions grammaticales nécessaires à l'écriture. • Proposer des textes diversifiés, supports d'activités de communication orale. • Favoriser des prolongements dans les différents domaines de la découverte du monde. Une structure simple et régulière : • Douze chapitres, soit douze projets de lecture/écriture. • Chaque chapitre comprend six textes et une page de poèmes. • Des activités accompagnent chaque texte : Expression orale, S'exercer, Lire, Ecrire. |
| 650 4# - SUBJECT ADDED ENTRY--TOPICAL TERM |
| Topical term or geographic name entry element |
Grammaire |
| 650 4# - SUBJECT ADDED ENTRY--TOPICAL TERM |
| Topical term or geographic name entry element |
Expression orale |
| 650 4# - SUBJECT ADDED ENTRY--TOPICAL TERM |
| Topical term or geographic name entry element |
Ecriture et lecture |
| 650 4# - SUBJECT ADDED ENTRY--TOPICAL TERM |
| Topical term or geographic name entry element |
Orthographe grammaticale |
| 650 4# - SUBJECT ADDED ENTRY--TOPICAL TERM |
| Topical term or geographic name entry element |
Orthographe lexicale |
| 650 4# - SUBJECT ADDED ENTRY--TOPICAL TERM |
| Topical term or geographic name entry element |
EB2 |
| 650 4# - SUBJECT ADDED ENTRY--TOPICAL TERM |
| Topical term or geographic name entry element |
EB9 |
| 700 1# - ADDED ENTRY--PERSONAL NAME |
| Personal name |
Bouvier, Line |
| 942 ## - ADDED ENTRY ELEMENTS (KOHA) |
| Koha item type |
Books |